| 000 | 00700pam a2200241 a 4500 | ||
|---|---|---|---|
| 008 | |||
| 020 | _a0582031966 (pbk.) | ||
| 049 | _aMAIN | ||
| 090 | _aTH900 | ||
| 100 | 1 | _aHarris, Frank | |
| 245 | 1 | 0 |
_aModern construction equipment and methods / _cF.Harris |
| 260 |
_aNew York : _bLongman Scientific & Technical, _c1989. |
||
| 300 |
_axi, 399 p. : _bill. ; _c25 cm. |
||
| 500 | _aIncludes index. | ||
| 504 | _aIncludes bibliographical references. | ||
| 650 | 0 | _aConstruction equipment. | |
| 650 | _aBuilding | ||
| 907 |
_a.b10062920 _b01-09-05 _c17-04-03 |
||
| 003 | |||
| 005 | 20241105180617.0 | ||
| 040 | _cNUST | ||
| 942 |
_cBOOKS _kTH900 _01 |
||
| 999 |
_c155075 _d155075 |
||